The Mainstream Law Reports. Volume X /

Bibliographic Details
Other Authors: Abu Bakar, Khondaker Muhammad
Format: Book
Language:Multiple
Published: Dhaka : Shahanaj Khondaker, 2005.
Subjects:
Classic Catalogue: View this record in Classic Catalogue
LEADER 01144nam a2200277 4500
001 0023799
003 BD-DhAAL
008 111123s2005 bg w 000 0 mul d
040 |a BD-DhAAL  |c BD-DhAAL 
082 0 0 |a 348.5492046  |2 22 
245 0 4 |a The Mainstream Law Reports.  |n Volume X /  |c editor, Khondaker Md. Abu Bakar. 
246 1 7 |a MLR 
260 |a Dhaka :  |b Shahanaj Khondaker,  |c 2005. 
300 |a Various pagings ;  |c 24 cm. 
362 0 |a Vol. 10 (2005) 
500 |a Regd. DA-NO 50/95, Vol-X 
500 |a Citation :10 MLR (AD)(HC) 
500 |a a monthly legal journal  
541 |e 00023799 
650 0 |a Law reports, digests, etc.  |z Bangladesh.  |9 3859 
700 1 |a Abu Bakar, Khondaker Muhammad.  |9 59442 
852 1 |a Ayesha Abed Library 
942 |2 ddc  |c 1HOUR  |0 1 
999 |c 11495  |d 11495 
952 |0 0  |1 0  |2 ddc  |4 0  |6 348_549200000000000_046_MAI  |7 0  |9 18672  |a BRACUL  |b BRACUL  |c REF  |d 2011-11-23  |g 500.00  |l 3  |o 348.5492046 MAI  |p 3010023799  |r 2013-10-01  |s 2013-09-28  |t 1  |w 2011-11-23  |y 1HOUR 
952 |0 0  |1 0  |2 ddc  |4 0  |6 348_549204600000000_MAI  |7 0  |9 19890  |a BRACUL  |b BRACUL  |c REF  |d 2012-04-04  |l 3  |o 348.5492046 MAI  |p 3010024869  |r 2017-03-16  |s 2017-03-16  |t 2  |w 2012-04-04  |y 1HOUR